00968nam a2200265 i 450000100060000000300090000600500170001500700030003200800410003502000180007608000120009408000080010610000460011424501570016026000540031730000220037165000220039365000250041570000300044070000290047074000310049985200330053099900170056395201220058088797ES-MaACL20250804052221.0t|041213s1987 fr ||||1| fre d a2-264-00310-3 a159.942 a1281 aSchopenhauer, Arthur, d1788-1860924071010aMétaphysique de l'amour ; Métaphysique de la mort / cpar Schopenhauer ; introduction par Martial Gueroult ; traduction nouvelle par Marianna Simon. aParis : bUnion Générale d'Editions, c[1987] a179 p. ; c18 cm. 7aAmor2embne99754 7aMuerte2embne9152411 aGueroult, Martial.9604771 aSimon, Marianna.91065260 aMátaphysique de la mort. aES-MaACLjE-10635 bR.134756 c88797d88797 00104070aATENEOMbATENEOMcDEPO2d2008-01-17eSCl0oE-10635p1092748r2023-02-23 00:00:00w2023-02-23yMONOGRAFIA